000 00358nam a2200169Ia 4500
100 _aRathore/Mahesh M
650 _aHeat and Mass
250 _a3
942 _cBK
366 _f10
654 _aheat
245 _aEngineering Heat and Mass transfer
260 _bUniverstiy science press
_c2016
082 _bRAT
300 _a651
546 _aENGLISH
999 _c24357
_d24357